These things will last. (Record no. 9057)

000 -LEADER
fixed length control field 00620nam a2200205 a 4500
001 - CONTROL NUMBER
control field :::00006838$&:&@@
003 - CONTROL NUMBER IDENTIFIER
control field OkBaRHE
005 - DATE AND TIME OF LATEST TRANSACTION
control field 20000607103333.0
008 - FIXED-LENGTH DATA ELEMENTS--GENERAL INFORMATION
fixed length control field s1943 j 000 0 eng u
040 ## - CATALOGING SOURCE
Transcribing agency
100 1# - MAIN ENTRY--PERSONAL NAME
Personal name Warburton, Stacy R.
245 10 - TITLE STATEMENT
Title These things will last.
260 ## - PUBLICATION, DISTRIBUTION, ETC. (IMPRINT)
Place of publication, distribution, etc Philadelphia, PA., :
Name of publisher, distributor, etc Judson Press
Date of publication, distribution, etc c1943
300 ## - PHYSICAL DESCRIPTION
Extent 122 p. ;
Dimensions 21 cm.
650 ## - SUBJECT ADDED ENTRY--TOPICAL TERM
Topical term or geographic name as entry element Christian World Mission
650 ## - SUBJECT ADDED ENTRY--TOPICAL TERM
Topical term or geographic name as entry element Evangelism
General subdivision Study and Teaching
650 ## - SUBJECT ADDED ENTRY--TOPICAL TERM
Topical term or geographic name as entry element Mission of the Church
942 ## - ADDED ENTRY ELEMENTS (KOHA)
Source of classification or shelving scheme
Koha item type Books
Copies
Barcode Damaged status Copy number Full call number Permanent Location Price effective from Lost status Withdrawn status Not for loan Source of classification or shelving scheme Date acquired Koha item type Date last seen Shelving location
6838 1BV 601 .W3RHEMA Bible Training College2010-04-14    2010-04-14Books2010-04-14General Stacks